Verdreifachen Schnell Tippen von A bis Z - 15 Sekunden Sprint - Statistiken

Allgemein
  • Dieses Quiz wurde 2.324 mal gespielt
  • Das Durchschnittsergebnis liegt bei 30 aus 78
Antwortstatistiken
Buchstabe % Korrekt
a
100%
b
97%
c
95%
d
94%
e
93%
f
93%
g
92%
h
91%
i
90%
j
88%
k
88%
l
87%
m
87%
n
85%
o
84%
p
83%
q
80%
r
80%
s
78%
t
77%
u
75%
v
73%
w
72%
x
69%
y
68%
z
64%
A
56%
B
52%
C
48%
D
45%
E
44%
F
42%
G
39%
H
38%
I
36%
J
34%
K
33%
L
32%
M
30%
N
28%
O
26%
P
24%
Q
22%
R
20%
S
17%
T
16%
U
15%
V
14%
W
12%
X
9%
Y
8%
Z
7%
A
6%
B
6%
C
5%
D
5%
E
4%
F
4%
G
4%
H
3%
I
3%
J
3%
K
3%
L
2%
M
2%
N
2%
O
2%
P
2%
Q
2%
R
1%
S
1%
T
1%
U
1%
V
1%
W
1%
X
1%
Y
1%
Z
1%
Keine übereinstimmenden Quizze gefunden
Verteilung der Resultate
Anzahl Personen mit jedem Resultat
Perzentil nach korrekt beantworteten Fragen
Ihre Resultats-Entwicklung
Sie haben dieses Quiz noch nicht gespielt